[Event "Baku FIDE GP"]
[Site "Baku"]
[Date "2014.10.04"]
[Round "3"]
[White "Karjakin, Sergey"]
[Black "Dominguez Perez, Leinier"]
[Result "1-0"]
[WhiteElo "2767"]
[BlackElo "2751"]
[Annotator "Sagar Shah"]
[PlyCount "81"]
[EventDate "2014.10.02"]
[EventType "tourn"]
[EventRounds "11"]
[EventCountry "AZE"]
[EventCategory "21"]
[SourceTitle "CBM 163"]
[Source "ChessBase"]
[SourceDate "2014.11.11"]
[SourceVersion "1"]
[SourceVersionDate "2014.11.11"]
[SourceQuality "1"]

1. Nf3 d5 2. g3 g6 3. Bg2 Bg7 4. d4 Nf6 5. O-O O-O 6. c3 $5 {In the press
conference after the game, Karjakin mentioned that his opponent is a huge
expert in the Grünfeld and hence it would not have been a wise decision to go
into a theoretical discussion with 6.c4. Instead this move c3 is interesting
and takes the game into original territory.} c6 (6... Nbd7 {with the idea of
preparing ...c5 looks like a good idea.} 7. Nbd2 c5 $11 {Black has a nice
active position.}) (6... c5 {somehow reminds me of the game between Magnus
Carlsen and Fabiano Caruana from the last round of Shamkir 2014. In fact the
exact position was reached through a different move order where Magnus was
able to retain an advantage out of the opening as White after 7.dxc5.} 7. dxc5
a5 8. Be3 Nc6 9. Na3 a4 10. Qc1 e5 11. Rd1 Qe7 12. Nb5 Be6 13. Ng5 Bg4 14. Nd6
h6 15. Nf3 Kh7 16. h3 Be6 17. b4 axb3 18. axb3 Rxa1 19. Qxa1 Ne4 20. Nd2 f5 21.
N2xe4 dxe4 22. Qb1 f4 23. Bd2 e3 24. Be1 Bf5 25. Qc1 h5 26. fxe3 fxg3 27. Bxg3
Qg5 28. e4 Qxg3 29. Rd3 Qh4 30. exf5 gxf5 31. e4 fxe4 32. Bxe4+ Kh8 33. Qe3 Rf4
34. Bg2 Qe7 35. Qe2 Qh4 36. b4 e4 37. Nxe4 Ne5 38. Rd5 Kg8 39. b5 Rf5 40. c6
bxc6 41. bxc6 Qe7 42. Nd6 Rg5 43. Nb5 Qe6 44. Rd8+ Kh7 45. Qe4+ Rg6 46. c7 Qa6
47. c8=Q Qa1+ 48. Kf2 Qb2+ 49. Ke1 {1-0 (49) Carlsen,M (2881)-Caruana,F (2783)
Shamkir AZE 2014}) 7. Nbd2 Bf5 8. Nh4 Be6 9. Qc2 (9. e4 {looks logical but
after} dxe4 10. Nxe4 Nxe4 11. Bxe4 Nd7 12. Bg2 Bd5 $11 {White cannot count on
a real advantage.}) 9... Nbd7 $146 10. f4 $5 {[%csl Rd7][%cal Gf4f5] Karjakin
looks to be in an enterprising mood. He goes for an idea with f4-f5 which
looks a little dubious because his pieces are quite awkwardly placed on the
queenside. Nonetheless it is a fighting move.} (10. e4 dxe4 11. Nxe4 Nxe4 12.
Bxe4 Bh3 (12... Nf6 13. Bg2 Bd5 {is also possible}) 13. Bg2 Bxg2 14. Kxg2 e5
$11) 10... Bg4 $5 (10... c5 $5 {Following the famous chess principle of
breaking in the centre when faced with a flank attack.} 11. f5 gxf5 12. Nxf5
Bxf5 13. Qxf5 cxd4 14. cxd4 Qb6 15. Nb3 Rac8 $132 {Black's activity
compensates for his slight weakness on the kingside.}) 11. Re1 (11. e4 {
was definitely the obvious choice. It is surprising that Karjakin did not go
for this.} dxe4 12. Nxe4 Nxe4 13. Qxe4 Nf6 14. Qc2 e6 15. h3 Bf5 16. Nxf5 exf5
$13 {[%csl Re4][%cal Gf6e4] Though White has the two bishops the control of
the e4-square should give Black a very nice position.}) 11... e6 (11... c5 $1 {
Why not attack the White centre when his pieces are clumsily placed?} 12. h3
Be6 13. f5 gxf5 14. Nxf5 Bxf5 15. Qxf5 cxd4 16. cxd4 Qb6 $13 {Once again we
get a position similar to the previous variation with the added advantage that
the rook is misplaced on e1. I prefer Black's position.}) 12. e4 Nxe4 13. Nxe4
dxe4 14. Qxe4 Bf6 (14... Nf6 15. Qd3 $14 {/=}) ({Worthy of consideration was
this interesting move which sacrifices the b7-pawn.} 14... c5 $5 15. Qxb7 Rb8
$1 (15... cxd4 {might not give Black enough compensation.} 16. Qxa8 Qxa8 17.
Bxa8 Rxa8 18. cxd4 Bxd4+ 19. Be3 $1 (19. Kg2 Rc8 $44) 19... Bxb2 20. Rab1 $14)
16. Qxa7 cxd4 17. cxd4 Nb6 $1 $44 {[%csl Ra7,Rb2,Gb8,Rd4][%cal Gb8b2,Gb6c4]
and though Black is two pawns down he has excellent chances because of his
active pieces.}) 15. Nf3 Bxf3 (15... Bf5 {The problem in this position is that
the bishop on f5 might find itself to be trapped outside the pawn chain and
hence Dominguez decided to give it up for the knight on f3.} 16. Qe2 $1 (16.
Qe3 {[%cal Gh2h3,Gg3g4]} h5 17. h3 Rc8 (17... c5 18. dxc5 Rc8 19. b4 $14) 18.
Nh2 $2 {such tactics will not work as Black will now blast open the centre.} c5
19. g4 cxd4 20. cxd4 Nb6 $19 {The ideal location for the queen is not e3.
Hence the best move is 16.Qe2.}) 16... h5 17. h3 c5 18. Be3 $16 {[%cal Gf3e5,
Gg3g4]}) 16. Qxf3 {White has more space and two bishops. A perfect example of
a risk-free advantage.} Qa5 17. Be3 Nb6 18. Bf2 Rad8 19. g4 {White slowly
begins his kingside expansion. It is very difficult for Black to break free in
this position. Firstly the desirable e5-break is impossible to achieve and
secondly ...c5 is also not possible. So all in all Black has to just wait and
watch.} Nc4 (19... Nd5 20. h4 $36 {[%cal Gh4h5]} (20. f5 exf5 21. gxf5 g5 $1 {
[%cal Gd5f4,Ga5f5,Gf8e8] Black looks ok.})) 20. Re2 Nd6 21. h4 $2 {A bad move
by Karjakin. The point is very simple. Black is now able to secure a very
strong square on f5 for his knight.} (21. a3 {[%cal Ga1e1] with the idea of
bringing the other rook into the attack was definitely better.}) 21... h5 $1 {
[%csl Gf5][%cal Gd6f5] In the press conference Lernier Dominguez said that he
was surprised that Karjakin played h4 because it just gave Black an easy game
with this move.} 22. gxh5 Qxh5 23. Qxh5 gxh5 $11 {/=+ Black is at least equal
here and he may even be slightly better.} 24. Kh2 (24. Bf3 Kg7 $1 25. Bxh5 Rh8
$15) 24... Kg7 25. Bf3 Rh8 $6 {After this White is back on track to claim a
small edge as Black has just wasted a lot of time.} (25... Kh6 $1 {was
definitely the correct move here. It not only defends the h5-pawn but also
clears the g-file for the black rooks.} 26. Kh3 Rg8 27. Rg1 {is the correct
move.} (27. Be3 $2 {would be a bad mistake} Bxh4 $1 28. f5+ (28. Kxh4 Nf5+ 29.
Kh3 Rg3+ $19) 28... Kh7 29. Kxh4 Nxf5+ 30. Kxh5 (30. Kh3 Rg3+ $19) 30... Rg3 {
[%cal Gh7g7,Gd8h8]} 31. Bf4 Rxf3 $15) 27... Rxg1 28. Bxg1 Nf5 $11) 26. a4 $1 {
I like this move by Karjakin. He tries to gain more space on the queenside.}
Kf8 $2 (26... Rdg8 $1 27. Rg1+ Kf8 28. Rxg8+ Kxg8 $11) 27. a5 a6 28. Kh3 Nf5
29. Rd1 Rd7 30. b4 {While White is slowly strengthening his position, Black
has simply lost the thread of the game.} Kg7 31. c4 $1 {Objectively the move
doesn't give White any advantage but there is more to the move than just chess
reasons. If you look at things logically, the last few moves were clearly in
White's favour. He improved his position while Black did absolutely nothing.
This gives White a psychological edge. Both the players were also in time
trouble. Hence, Karjakin considers this to be the right moment to open up the
position. And he wasn't wrong. Immediately Black goes astray.} Nxd4 $6 (31...
Rc8 $1 {was suggested by Karjakin after the game. The idea is very refined. It
is a prophylactic move against White opening the position with d4-d5.} 32. d5
$2 (32. Bxh5 $2 Rh8 $15) 32... cxd5 33. cxd5 Rc3 $1 $15) 32. Red2 $1 Rhd8 33.
Bxh5 {Already White has a slight edge thanks to his outside h-passer.} Kf8 34.
Bg4 $14 Ke8 $2 (34... Kg8 $14 {Keeping the black king near the h-pawn was more
logical but the pin down the d-file is irritating and Black wanted to resolve
it. Hence he went for ...Ke8, which turns out to be a mistake.}) 35. h5 Nf5 $2
{And this just loses the game. Maybe Dominguez did not see that Bc5 later is
going to cut his king off.} (35... Kf8 {would have kept the position alive.})
36. Rxd7 Rxd7 37. Rxd7 Kxd7 38. Bxf5 $1 exf5 39. h6 $1 {The only move to win.
If Black could have got Bg7 stopping the h-pawn then he would have been able
to hold but not now. The plan is just to play Bc5-f8-g7 and queen the pawn.}
Ke8 40. Bc5 Bh8 41. Kh4 (41. Kh4 Bf6+ 42. Kh5 $22 {If the black king moves it
will allow Bf8-g7 and if the bishop moves, it allows Kg5. A very interesting
battle.}) 1-0

[Event "Danzhou 6th"]
[Site "Danzhou"]
[Date "2015.07.09"]
[Round "7"]
[White "Wang, Yue"]
[Black "Wang, Chen"]
[Result "1-0"]
[WhiteElo "2716"]
[BlackElo "2521"]
[Annotator "Sagar Shah"]
[PlyCount "113"]
[EventDate "2015.07.02"]
[EventType "tourn"]
[EventRounds "9"]
[EventCountry "CHN"]
[EventCategory "17"]
[SourceTitle "CBM 167"]
[Source "ChessBase"]
[SourceDate "2015.07.13"]
[SourceVersion "1"]
[SourceVersionDate "2015.07.13"]
[SourceQuality "1"]

1. Nf3 d5 2. g3 e6 3. Bg2 g6 4. O-O Bg7 5. d4 Ne7 {Wang Chen is one of those
few players in the world who regularly likes to develop his N to e7 and his B
to g7.} 6. Nbd2 O-O 7. e4 b6 8. Re1 Bb7 9. e5 c5 10. c3 {We have transposed
into some sort of King's Indian Attack setup.} a5 11. Nf1 Nbc6 12. Ne3 h6 13.
h4 cxd4 14. cxd4 Ba6 15. a3 {Preventing Nb4.} Rc8 16. b3 Kh7 17. Bh3 Rc7 18.
Ng4 Ng8 {Trying to take care of the dark squares on f6 and h6 but the knight
is just too passive.} (18... Nf5 {was definitely a better square for knight.})
19. Bf4 Rc8 20. Qd2 a4 21. bxa4 (21. b4 {looked much more natural.}) 21... Na5
22. Reb1 Nc4 23. Qd1 Qe7 24. Ne3 Qa7 25. Ng4 $6 (25. h5 {immediately starting
the attack would have been much stronger.}) 25... Bb7 26. Bf1 $1 {Bringing the
bishop to the d3 square in order to launch a direct attack against the black
king.} Bc6 27. Rb4 $1 Rfd8 28. Bd3 Bf8 29. h5 $1 {Wang Yue is in his element.
Of course we all know him as the positional expert or the endgame wizard but
here he shows his dynamic feel for the game.} Bxb4 30. axb4 {White is more
than happy to give up his b4 rook for the prized kingside defender. Now there
are four minor pieces attacking the black king and only one defending him.} Nb2
31. hxg6+ fxg6 32. Bxg6+ $1 Kxg6 33. Qb1+ Kg7 34. Qxb2 {White has two pawns
for an exchange and the king cover is just ripped into pieces. The rest is
just pain for Wang Chen.} Qf7 35. Qd2 (35. Nf6 {would have been much stronger
as after} Nxf6 36. exf6+ Kg8 37. Ne5 Qxf6 38. Qd2 Kh7 (38... Kg7 $2 39. Nxc6
Rxc6 40. Be5 $18) 39. Kg2 $1 $18 {The rook comes to h-file and decides the
game.}) 35... Qh5 36. Nfh2 Be8 37. Ne3 Qh3 38. a5 {Sort of opening a second
front.} bxa5 39. bxa5 Ne7 40. a6 Ra8 41. Ng2 (41. Neg4 Ng8 42. Nf6 Nxf6 43.
exf6+ Kh7 44. Rb1 $18 {leads a winning attack.}) 41... Qh5 42. g4 Qg6 43. Bg3
Rdb8 44. Nf4 Rb1+ 45. Kg2 Rxa1 46. Nxg6 Bxg6 47. Bh4 Ra7 48. Bf6+ Kh7 49. Qb4
Ng8 50. Nf3 R1xa6 (50... Be4 {eliminating the knight might have been a better
idea.}) 51. Nh4 Bd3 52. Kg3 Rc6 53. Ng2 {The knight makes his way to the f4
square and the game the bishop is sort of trapped.} Bc2 (53... Rc4 54. Qb8 $18)
54. Nf4 Rf7 55. f3 Rfc7 56. Qf8 Ra6 57. Qe8 {A fine attacking display by Wang
Yue.} 1-0

[Event "Dieren op"]
[Site "Dieren"]
[Date "2016.08.04"]
[Round "9"]
[White "Sandipan, Chanda"]
[Black "Ikonnikov, Vyacheslav"]
[Result "1-0"]
[WhiteElo "2568"]
[BlackElo "2538"]
[Annotator "Sagar Shah"]
[PlyCount "103"]
[EventDate "2016.07.26"]
[EventType "swiss"]
[EventRounds "9"]
[EventCountry "NED"]
[SourceTitle "CBM 173 Extra"]
[Source "ChessBase"]
[SourceDate "2016.08.29"]
[SourceVersion "1"]
[SourceVersionDate "2016.08.29"]
[SourceQuality "1"]
[WhiteClock "0:38:33"]
[BlackClock "0:24:29"]

{At this point Sandipan was already leading the tournament by half a point.
With the white pieces he could have tried to play for a draw, but instead he
came to the board with an intention to fight and play for a win.} 1. Nf3 Nf6 2.
g3 g6 3. Bg2 Bg7 4. O-O O-O {Ikonnikov is a hard core Nimzo Indian and a Bogo
Indian expert. However, recently he has incorporated the King's Indian Defence
in his repertoire.} 5. d4 d5 {Suddenly we are in Grunfeld territory.} 6. c3 $5
{Reversed Schlecter?!} Nbd7 (6... c5 7. dxc5 {reaches the famous game between
Carlsen and Caruana from the Shamkir Memorial 2014.}) 7. a4 a5 8. Na3 {Little
would have Sandipan imagined that this knight would cause him maximum trouble
throughout the game.} (8. Bf4 {with the idea of Nbd2 looks like an alternative
way of developing.}) 8... Nb6 9. Ne5 c6 10. Qb3 Ng4 $5 11. Nd3 $1 e5 12. Nxe5 (
12. f3 {Sandipan didn't really think too much about this move. After his
opponent thought for a long time for the move Ng4, he imagined that ...e5
would not be so bad. And he was right to some extent. But White is surely
better.} e4 $1 13. fxe4 dxe4 14. Bxe4 {White is a pawn up and here he has a
small edge.} Be6 (14... Bxd4+ $2 15. cxd4 Qxd4+ 16. Nf2 Nxf2 17. Rxf2 Qxe4 18.
Qxb6 $18) 15. Qd1 $1 f5 16. Bf3 $14 {White has a clear edge.}) 12... Nxe5 13.
dxe5 Bxe5 14. Be3 Nd7 (14... Ra6 {looks clumsy but it makes sense because it
prevents White from opening up the position with c4.}) 15. Rfd1 $1 Qe7 16. c4
d4 (16... Qb4 17. Qa2 $1 Qxb2 18. cxd5) 17. Bxd4 Bxd4 18. Rxd4 Qxe2 19. Qc3 Nc5
20. Re1 Qh5 21. Rh4 Qg5 22. Re5 Nxa4 23. Rxg5 Nxc3 24. bxc3 f5 25. g4 Rd8 26.
Bh3 Rd1+ 27. Kg2 Ra1 28. Nc2 Rc1 29. Nd4 f4 30. Re5 Rxc3 31. Re8+ Kf7 32. Rh8
h5 33. gxh5 g5 34. Bxc8 Kg7 35. Re8 gxh4 36. Nf5+ Kf6 37. h6 h3+ 38. Kf1 f3 39.
Ke1 Rxc4 40. h7 Re4+ 41. Rxe4 Rxc8 42. Nd6 Rh8 43. Nxb7 Rxh7 44. Nxa5 Ra7 45.
Nxc6 Ra1+ 46. Kd2 Rh1 47. Nd4 Rxh2 48. Ke3 Rh1 49. Nxf3 Kg6 50. Rg4+ Kf6 51.
Kf4 Rf1 52. Kg3 1-0

[Event "FIDE World Cup"]
[Site "Baku"]
[Date "2015.09.22"]
[Round "4.4"]
[White "Andreikin, Dmitry"]
[Black "Karjakin, Sergey"]
[Result "1/2-1/2"]
[WhiteElo "2720"]
[BlackElo "2762"]
[Annotator "Schulz,Andre"]
[PlyCount "70"]
[EventDate "2015.09.11"]
[EventType "k.o."]
[EventRounds "7"]
[EventCountry "AZE"]
[SourceTitle "CBM 169"]
[Source "ChessBase"]
[SourceDate "2015.11.10"]
[SourceVersion "1"]
[SourceVersionDate "2015.11.10"]
[SourceQuality "1"]

1. d4 Nf6 2. Bf4 d5 3. e3 e6 4. Nd2 Bd6 5. c3 O-O 6. Bd3 c5 7. Bg3 Nc6 8. Ngf3
b6 9. Ne5 Bb7 10. f4 Ne7 11. Qc2 c4 12. Be2 Nf5 13. Bf2 Be7 14. Ng4 Nxg4 15.
Bxg4 Nd6 16. f5 exf5 17. Bxf5 Nxf5 18. Qxf5 Qc8 19. Qf3 b5 20. h4 a5 21. h5 h6
22. Bh4 Re8 23. Nf1 Qe6 24. Kf2 Bf8 25. Ng3 b4 26. Nf5 Qe4 27. Raf1 Bc8 28. Ng3
Qxf3+ 29. gxf3 a4 30. Ne2 a3 31. cxb4 Bxb4 32. Nf4 axb2 33. Nxd5 Rxa2 34. Rb1
Ba5 {[#]} 35. Rhg1 {Droht immerhin Sf6, aber} Kf8 (35... Kf8 {mit Remisangebot,
das Weiß angesichts von Lb7 und Vormarsch des c-Bauern annahm.}) 1/2-1/2

[Event "Wch U16"]
[Site "Porto Carras"]
[Date "2015.11.03"]
[Round "9"]
[White "Vogel, Roven"]
[Black "Lorparizangeneh, Shahin"]
[Result "1-0"]
[WhiteElo "2417"]
[BlackElo "2440"]
[Annotator "Schulz,Andre"]
[PlyCount "73"]
[EventDate "2015.10.25"]
[EventType "tourn"]
[EventRounds "11"]
[EventCountry "GRE"]
[SourceTitle "CBM 169 Extra"]
[Source "ChessBase"]
[SourceDate "2015.12.18"]
[SourceVersion "1"]
[SourceVersionDate "2015.12.18"]
[SourceQuality "1"]
[WhiteClock "0:04:28"]
[BlackClock "0:01:14"]

1. d4 Nf6 2. Nf3 g6 3. Nbd2 d5 4. b4 Bg7 5. e3 O-O 6. Bb2 a5 7. b5 c5 8. dxc5
Nbd7 9. c6 bxc6 10. bxc6 Nb8 11. Bb5 Qb6 12. a4 Nxc6 13. c4 Bf5 14. cxd5 Nb4
15. O-O Bc2 16. Nc4 Qc5 17. Qd4 Qxd4 18. Nxd4 Bd3 19. Rfd1 Nfxd5 {[#] Nach
komplizierten taktischen Eröffnungverlauf, erobert Weiß einen Bauern, muss
dafür aber eine Qualität geben.} 20. Nxa5 Bxd4 ({Nach} 20... Rxa5 {ließe
sich der Bauer auch nicht lange halten.} 21. Bxd3 Nxd3 22. Rxd3 Rfa8 23. Rb3 h5
24. Rb5 e6 25. Rxa5 Rxa5 26. Kf1 Nb6 $11) 21. Bxd4 Bc2 22. Nc6 (22. Rdc1 $2
Rxa5 $19) 22... Bxd1 23. Rxd1 Nxc6 24. Bxc6 Ra5 25. Bb5 Rc8 26. Kf1 Raa8 27.
Rd3 Nb4 28. Rb3 Nc6 29. Bb2 f6 $6 {Erweist sich später als ungeschickt.} 30.
g4 Na5 31. Rb4 Rc2 32. Bd3 Rd2 33. Be4 {[#] Weiß kämpft ums Remis.} Rad8 $2 (
33... Rc8 34. Bd4 Kf8 35. Kg2 $15) 34. Bd4 {Droht Lb6 und sperrt auch den Td2
ein.} Rd6 35. Ke1 {[#] Der König spielt mit. Plötzlich ist Schwarz in
Schwierigkeiten.} Ra2 ({Eine Idee war vielleicht noch} 35... Nc6 $5 36. Bxc6
R2xd4 37. Rxd4 Rxc6 {um hier ums Remis zu kämpfen.}) 36. Bb1 Rxd4 {Das
Funktioniert nicht, wegen...} ({Nötig war} 36... Ra3 37. Bb2 Rad3 38. Bxd3
Rxd3 $16) 37. Bxa2+ {mit Schach!} 1-0

[Event "Sigeman & Co 22nd"]
[Site "Malmo"]
[Date "2014.05.17"]
[Round "3"]
[White "Blomqvist, Erik"]
[Black "Smith, Axel"]
[Result "0-1"]
[WhiteElo "2492"]
[BlackElo "2478"]
[Annotator "Schulz,Andre"]
[PlyCount "44"]
[EventDate "2014.05.15"]
[EventType "tourn"]
[EventRounds "5"]
[EventCountry "SWE"]
[EventCategory "14"]
[SourceTitle "CBM 161"]
[Source "ChessBase"]
[SourceDate "2014.07.16"]
[SourceVersion "1"]
[SourceVersionDate "2014.07.16"]
[SourceQuality "1"]

1. Nf3 d5 2. g3 ({Mit} 2. c4 {könnte man den von Schwarz geplanten Übergang
in die Tschigorin-Variante vermeiden.}) 2... Nc6 {"Droht" e5} 3. d4 Bg4 {
Damit steht die immer noch etwas unterschätzte Tschigorin-Variante auf dem
Brett. Im Gegensatz zu anderen Varianten des Damengambits strebt Schwarz
häufig die lange Rochade an. Der weiße Aufbau mit g3 hat aber ganz
ordentliche Statistiken.} 4. Bg2 e6 ({Mehr im Geiste Tschigorins ist} 4... Qd7
{z.B.:} 5. O-O O-O-O 6. c4 ({Oder} 6. c3 f6 7. b4 e5) 6... dxc4 $5 (6... e6) 7.
Nbd2 Nxd4 8. Nxd4 Qxd4 9. Qa4 Bd7 10. Qb4 (10. Qc2 $5 $14) 10... Qb6 11. Qc3
Be6 12. Nxc4 Bxc4 13. Qxc4 e6 14. Be3 Qb4 15. Qc2 Nf6 16. Rfc1 Rd7 17. Bxa7 Qa5
18. Be3 Nd5 19. Bd4 h5 20. Qb3 h4 21. Rc4 b5 22. Rcc1 hxg3 23. hxg3 Nf4 24.
gxf4 Rxd4 25. e3 Rd2 26. a4 b4 27. Qc4 Bc5 28. Qb5 Qxb5 29. axb5 Rh5 30. Bf3
Rf5 31. Be4 Rh5 32. Bf3 Rf5 33. Be4 Rh5 34. Bf3 Rf5 {1/2-1/2 (34) Radjabov,T 
(2723)-Rapport,R (2676) Rhodes 2013}) 5. O-O Be7 (5... Nf6 6. c4 Bd6 7. Nc3 O-O
8. cxd5 Nxd5 9. e4 Nb6 10. h3 Bxf3 11. Bxf3 e5 $11 {0-1 (77) Adly,A (2631)
-Grigoryan,A (2608) Shenzhen 2011}) 6. c4 Bf6 {Die Läuferüberführung nach
f6 ist eine alte Idee von Bogoljubov, die der schwedische Angriffsspieler
Jonny Hector in jüngerer Zeit einige Male adptiert hat.} 7. e3 (7. Qa4 Nge7 8.
Nc3 O-O 9. e3 Nc8 10. cxd5 Nb6 11. Qd1 exd5 12. Na4 Nxa4 13. Qxa4 Qd7 14. Qb3
b6 15. Bd2 Ne7 16. Rfc1 Rfc8 17. Bb4 c6 18. Ne1 Rab8 $11 {1/2-1/2 (50) Udovcic,
M-Bogoljubow,E Belgrade 1952}) (7. cxd5 exd5 8. Nc3 Nge7 9. e3 Qd7 10. b4 O-O
11. b5 Na5 12. Ba3 Nc4 13. Bxe7 Bxe7 14. Qc2 c6 15. bxc6 bxc6 16. Nd2 Na3 17.
Qd3 Bf5 18. e4 Bg6 19. Nb3 Rfd8 $11 {0-1 (44) Seeman,T (2429)-Hector,J (2515)
Plovdiv 2003}) 7... h6 (7... Nge7 8. Nbd2 h6 9. h3 Bf5 10. Re1 O-O 11. a3 Bh7
12. b4 e5 13. cxd5 Nxd5 14. e4 Nc3 15. Qb3 exd4 16. e5 Be7 17. Bb2 a6 18. Nxd4
Nxd4 19. Qxc3 Nc2 20. Bxb7 Rb8 21. Bxa6 c5 22. b5 Qd5 23. Nc4 Qe6 24. Kh2 Bf5
25. Ne3 Nxa1 26. Bxa1 Bxh3 27. a4 Bf5 28. a5 Be4 29. b6 Qg6 30. Ng2 Rfd8 31.
Nf4 Qh7 32. Bf1 g5 33. Nh5 Qf5 34. Kg1 Bf3 35. e6 Rd4 36. exf7+ Kxf7 37. Nf4
Bd5 38. Rxe7+ Kxe7 39. Qxc5+ Ke8 40. Bb5+ {1-0 (40) Renner,C (2452)-Hector,J 
(2537) Nuremberg 2012}) 8. Qb3 Rb8 9. Nc3 Nge7 10. Nd2 (10. cxd5 $5) 10... Na5
11. Qa4+ c6 12. b3 O-O 13. Re1 (13. Ba3 $5) 13... c5 14. cxd5 $2 {Jetzt falsch,
weil die weiße Dame auf a4 beengt steht, und das Schlagen dem schwarzen
Läufer die Rückkerh nach d7 mit Angriff auf die Dame erlaubt.} ({Nach} 14.
Ba3 {verliert Schwarz einen Bauern} cxd4 15. exd4 dxc4 16. Nxc4 Nxc4 17. bxc4
Bxd4 (17... Qxd4 $2 18. Ne4) 18. Rac1 Re8 (18... a6 19. h3 Bf5 20. g4 Bh7 21.
Rcd1) 19. Nb5 Nc6 20. Bd6 {erhält aber aktives Figurenspiel.}) 14... exd5 15.
Ba3 $2 ({Zu Verwicklungen führt:} 15. b4 cxd4 (15... cxb4 16. Qxb4 Nac6 17.
Qb3 $11) 16. exd4 Bxd4 17. Bb2 {und nun:} Nc4 $1 (17... Bxf2+ 18. Kxf2 Qb6+ 19.
Kf1 Qf6+ 20. Nf3 (20. Kg1 Qd4+ 21. Kh1 Qxd2 $17) 20... Bxf3 21. Nd1 Bxd1+ 22.
Bxf6 Bxa4 23. Bxe7 Nc6 24. Bxf8 Kxf8 25. Bxd5 Nxb4 $11) 18. Nxc4 dxc4 $17) (15.
Qa3 {Nicht gut, aber besser als die Partieforstezung ist} cxd4 16. exd4 Nac6
$17) 15... Bd7 16. Nb5 a6 17. Bxc5 Bxb5 {mit Figurengewinn.} 18. Qa3 b6 19. Bd6
Rc8 20. e4 Nb7 21. e5 Nxd6 22. exf6 gxf6 0-1